000 00697nam a2200253Ia 4500
003 OSt
005 20220928124003.0
006 a|||||r|||| 00| 0
007 ta
008 220927b |||||||| |||| 00| 0 eng d
024 _a99468
037 _cTextual
040 _aSDCL
_cSDCL
_beng
041 _2eng
_aeng
082 _aB43, P9
100 _aDeitmar Anton
_9451893
245 0 _aPrinciples of harmonic analysis.
260 _aNew York
_b Springer
_c2009
300 _axv,333p.
_ccm.
650 _aHarmonic Analysis
_9463010
700 _a Echterhoff Siegfried
_9463011
942 _hB43, P9
_cTEXL
_2CC
999 _c775958
_d775958